| 000 | 00925nam a22002657a 4500 | ||
|---|---|---|---|
| 005 | 20160908150859.0 | ||
| 008 | 140320t2008 xxua frb 001 0 eng d | ||
| 020 | _a9780867154856 | ||
| 082 | 0 | 4 |
_222 _bPHO _a617.69 |
| 100 | 1 |
_935719 _aPhoenix, Rodney D. |
|
| 245 | 1 | 0 |
_aStewart's clinical removable partial prosthodontics / _cRodney D. Phoenix, David R. Cagna, Charles F. DeFreest. |
| 250 | _a4th ed. | ||
| 260 |
_aChicago, United States : _bQuintessence Books, _cc.2008. _e(Ottawa) |
||
| 300 |
_aix, 517 p. ; _bill. (col.) : _c28 cm. |
||
| 500 | _aIndex : p. 511-517. | ||
| 504 | _aBibliography : p. 509-510. | ||
| 650 | 0 |
_930139 _aPartial dentures, Removable |
|
| 650 | 0 |
_930625 _aProsthodontics |
|
| 650 | 0 |
_930140 _aDenture, Partial, Removable |
|
| 653 |
_bDDent _cMarch2014 |
||
| 655 |
_vtext book _933728 |
||
| 700 | 1 |
_aCagna, David R. _935720 |
|
| 700 | 1 |
_aDeFreest, Charles F. _935721 |
|
| 942 |
_2ddc _k617.69 PHO |
||
| 999 |
_c18137 _d18109 |
||